Counseling : (Record no. 18205)
[ view plain ]
| 000 -LEADER | |
|---|---|
| fixed length control field | 00529nam a2200181Ia 4500 |
| 008 - FIXED-LENGTH DATA ELEMENTS--GENERAL INFORMATION | |
| fixed length control field | 220501s2018 xx 000 0 eng d |
| 020 ## - INTERNATIONAL STANDARD BOOK NUMBER | |
| International Standard Book Number | 9789353061807 |
| 082 ## - DEWEY DECIMAL CLASSIFICATION NUMBER | |
| Classification number | 158.3 GLA-C |
| 100 ## - MAIN ENTRY--PERSONAL NAME | |
| Personal name | Gladding, Samuel T. |
| 245 #0 - TITLE STATEMENT | |
| Title | Counseling : |
| Remainder of title | a comprehensive profession / |
| Statement of responsibility, etc | Samuel T. Gladding and adapted by Promila Batra |
| 250 ## - EDITION STATEMENT | |
| Edition statement | 8th ed. |
| 260 ## - PUBLICATION, DISTRIBUTION, ETC. (IMPRINT) | |
| Place of publication, distribution, etc | Noida : |
| Name of publisher, distributor, etc | Pearson, |
| Date of publication, distribution, etc | 2018. |
| 300 ## - PHYSICAL DESCRIPTION | |
| Extent / Pages | xxix, 744 p.; |
| 650 ## - SUBJECT ADDED ENTRY--TOPICAL TERM | |
| Topical term or geographic name as entry element | Counseling |
| 650 ## - SUBJECT ADDED ENTRY--TOPICAL TERM | |
| Topical term or geographic name as entry element | Counseling psychology |
| 700 ## - ADDED ENTRY--PERSONAL NAME | |
| Personal name | Batra, Promila |
| 942 ## - ADDED ENTRY ELEMENTS (KOHA) | |
| Source of classification or shelving scheme | |
| Koha item type | Reference Books |
| 942 ## - ADDED ENTRY ELEMENTS (KOHA) | |
| -- | 1 |
| Withdrawn status | Lost status | Source of classification or shelving scheme | Damaged status | Not for loan | Home library | Current library | Date acquired | Source of acquisition | Full call number | Barcode | Date last seen | Copy number | Bill Date | Koha item type | Bill Number | Total Checkouts | Date last borrowed | Currency | Cost, normal purchase price |
|---|---|---|---|---|---|---|---|---|---|---|---|---|---|---|---|---|---|---|---|
| SOBD Library | SOBD Library | 26/05/2022 | Vedi Books | 158.3 GLA-C1 | 001503 | 04/09/2025 | 1 | 14/04/2022 | Reference Books | VEDI/22-23/04/11 | |||||||||
| SOBD Library | SOBD Library | 26/05/2022 | Vedi Books | 158.3 GLA-C2 | 001504 | 01/07/2022 | 2 | 14/04/2022 | Books | VEDI/22-23/04/11 | |||||||||
| SOBD Library | SOBD Library | 01/06/2022 | Vedi Books | 158.3 GLA-C3 | 001936 | 01/07/2022 | 3 | 18/04/2022 | Books | VEDI/22-23/04/21 | |||||||||
| SOBD Library | SOBD Library | 01/06/2022 | Vedi Books | 158.3 GLA-C4 | 001937 | 17/05/2023 | 4 | 18/04/2022 | Books | VEDI/22-23/04/21 | 2 | 17/05/2023 | |||||||
| SOBD Library | SOBD Library | 01/06/2022 | Vedi Books | 158.3 GLA-C5 | 001938 | 01/07/2022 | 5 | 18/04/2022 | Books | VEDI/22-23/04/21 | |||||||||
| SOBD Library | SOBD Library | 01/06/2022 | Vedi Books | 158.3 GLA-C6 | 001939 | 01/07/2022 | 6 | 18/04/2022 | Books | VEDI/22-23/04/21 | |||||||||
| SOBD Library | SOBD Library | 01/06/2022 | Vedi Books | 158.3 GLA-C7 | 001940 | 01/07/2022 | 7 | 18/04/2022 | Books | VEDI/22-23/04/21 | |||||||||
| SOBD Library | SOBD Library | 25/05/2023 | Vedi Books | 158.3 GLA-C8 | 004537 | 25/05/2023 | 8 | 06/05/2023 | Books | VEDI/23-24/05/07 | INR | 650.00 | |||||||
| SOBD Library | SOBD Library | 25/05/2023 | Vedi Books | 158.3 GLA-C9 | 004538 | 25/05/2023 | 9 | 06/05/2023 | Books | VEDI/23-24/05/07 | INR | 650.00 | |||||||
| SOBD Library | SOBD Library | 25/05/2023 | Vedi Books | 158.3 GLA-C10 | 004539 | 25/05/2023 | 10 | 06/05/2023 | Books | VEDI/23-24/05/07 | INR | 650.00 | |||||||
| SOBD Library | SOBD Library | 25/05/2023 | Vedi Books | 158.3 GLA-C11 | 004540 | 25/05/2023 | 11 | 06/05/2023 | Books | VEDI/23-24/05/07 | INR | 650.00 | |||||||
| SOBD Library | SOBD Library | 25/05/2023 | Vedi Books | 158.3 GLA-C12 | 004541 | 04/10/2024 | 12 | 06/05/2023 | Books | VEDI/23-24/05/07 | 1 | 25/06/2024 | INR | 650.00 | |||||
| SOBD Library | SOBD Library | 30/05/2023 | Vedi Books | 158.3 GLA-C13 | 003375 | 30/05/2023 | 13 | 30/05/2023 | Books | INR | 650.00 |